| 000 | 00825nam a2200253 i 4500 | ||
|---|---|---|---|
| 003 | DO-SdBNP | ||
| 005 | 20231102153357.0 | ||
| 006 | a||||fr|||| 00| 0 | ||
| 007 | ta | ||
| 008 | 231102t2013 dr ado|| |||| 00| 0 spa d | ||
| 020 | _a9789945472318 | ||
| 040 |
_aDO-SdBNP _bspa _cBNPHU _erda |
||
| 082 | 4 |
_222 _bC719f |
|
| 245 | 1 | 0 |
_aFarmacología: prácticas de laboratorio. / _cGlennis Colón, Ângela Marmolejos. |
| 264 | 4 |
_aSanto Domingo : _bInstituto Tecnológico de Santo Domingo, _c2013 |
|
| 300 |
_a67 páginas : _bIlustraciones, retratos ; _c28 cm. |
||
| 336 |
_2rdacontent _atexto _btxt |
||
| 337 |
_2rdamedia _asin mediación _bn |
||
| 338 |
_2rdacarrier _avolumen _bn |
||
| 504 | _aBibliografía: página 67 | ||
| 590 | _aInventariado 2023 / MF | ||
| 700 | 1 |
_aMarmolejos, Ângela, _eautora _984568 |
|
| 942 |
_2ddc _cLBS1 |
||
| 999 |
_c55387 _d55387 |
||